<?xml version="1.0" encoding="UTF-8"?><?xml-stylesheet type="text/xsl" href="static/style.xsl"?><OAI-PMH xmlns="http://www.openarchives.org/OAI/2.0/" xmlns:xsi="http://www.w3.org/2001/XMLSchema-instance" xsi:schemaLocation="http://www.openarchives.org/OAI/2.0/ http://www.openarchives.org/OAI/2.0/OAI-PMH.xsd"><responseDate>2026-04-17T18:52:52Z</responseDate><request verb="GetRecord" identifier="oai:www.recercat.cat:2117/127479" metadataPrefix="marc">https://recercat.cat/oai/request</request><GetRecord><record><header><identifier>oai:recercat.cat:2117/127479</identifier><datestamp>2025-07-17T13:00:42Z</datestamp><setSpec>com_2072_1033</setSpec><setSpec>col_2072_452950</setSpec></header><metadata><record xmlns="http://www.loc.gov/MARC21/slim" xmlns:dcterms="http://purl.org/dc/terms/" xmlns:xsi="http://www.w3.org/2001/XMLSchema-instance" xmlns:doc="http://www.lyncode.com/xoai" xsi:schemaLocation="http://www.loc.gov/MARC21/slim http://www.loc.gov/standards/marcxml/schema/MARC21slim.xsd">
   <leader>00925njm 22002777a 4500</leader>
   <datafield ind2=" " ind1=" " tag="042">
      <subfield code="a">dc</subfield>
   </datafield>
   <datafield ind2=" " ind1=" " tag="720">
      <subfield code="a">Onecha Pérez, Ana Belén</subfield>
      <subfield code="e">author</subfield>
   </datafield>
   <datafield ind2=" " ind1=" " tag="720">
      <subfield code="a">Genís Vinyals, Mariona</subfield>
      <subfield code="e">author</subfield>
   </datafield>
   <datafield ind2=" " ind1=" " tag="720">
      <subfield code="a">González Moreno-Navarro, Jose Luis</subfield>
      <subfield code="e">author</subfield>
   </datafield>
   <datafield ind2=" " ind1=" " tag="720">
      <subfield code="a">Casals Balagué, Alberto</subfield>
      <subfield code="e">author</subfield>
   </datafield>
   <datafield ind2=" " ind1=" " tag="720">
      <subfield code="a">Portal Liaño, Jorge</subfield>
      <subfield code="e">author</subfield>
   </datafield>
   <datafield ind2=" " ind1=" " tag="720">
      <subfield code="a">Morros Cardona, Jordi</subfield>
      <subfield code="e">author</subfield>
   </datafield>
   <datafield ind2=" " ind1=" " tag="260">
      <subfield code="c">2018-10-14</subfield>
   </datafield>
   <datafield ind2=" " ind1=" " tag="520">
      <subfield code="a">Por causas naturales o antrópicas, las cualidades de las edificaciones con muchos años, especialmente las de orden práctico, han llegado a nosotros muy menguadas o degradadas, por lo que nuestras actuaciones deberán tender a restituirlas total o parcialmente, pero siempre conservando o incrementando aquellas cualidades que afectan a los sentimientos.&#xd;
El objetivo del libro es elaborar un método teórico-práctico para organizar racionalmente las modificaciones que se puedan realizar en todo tipo de edificaciones existentes, sean muy apreciadas colectivamente o no. Al igual que cualquier actividad que afecta a los edificios o sus agregaciones, una intervención requiere una fase de conocimiento del edificio, a la que sigue un anteproyecto, un proyecto básico y de ejecución, después una dirección de obra y a la larga unos criterios de mantenimiento. Este texto se organiza básicamente siguiendo esta secuencia, y da mayor presencia a todo lo relacionado con los estudios y el proyecto, ya que depende de ellos la indicada organización racional de las modificaciones.&#xd;
Todo ello nace con la voluntad de fijar, para hacerlos transmisibles, los conocimientos y criterios que los autores han ido adquiriendo y elaborando a lo largo de más de treinta años de ejercicio profesional en el campo de la intervención en edificios existentes y en el de su docencia.  Se trata de hacer una contribución de, como mínimo, un gran peso conceptual, a la elaboración del saber arquitectónico que debe regir la praxis de la intervención en edificios existentes.</subfield>
   </datafield>
   <datafield ind2=" " ind1=" " tag="520">
      <subfield code="a">Postprint (published version)</subfield>
   </datafield>
   <datafield tag="653" ind2=" " ind1=" ">
      <subfield code="a">Àrees temàtiques de la UPC::Arquitectura::Restauració arquitectònica</subfield>
   </datafield>
   <datafield tag="653" ind2=" " ind1=" ">
      <subfield code="a">Architecture -- Conservation and restauration</subfield>
   </datafield>
   <datafield tag="653" ind2=" " ind1=" ">
      <subfield code="a">Intervención en edificios existentes</subfield>
   </datafield>
   <datafield tag="653" ind2=" " ind1=" ">
      <subfield code="a">Rehabilitación arquitectónica</subfield>
   </datafield>
   <datafield tag="653" ind2=" " ind1=" ">
      <subfield code="a">Restauración arquitectónica</subfield>
   </datafield>
   <datafield tag="653" ind2=" " ind1=" ">
      <subfield code="a">Arquitectura -- Cornservació i restauració</subfield>
   </datafield>
   <datafield ind2="0" ind1="0" tag="245">
      <subfield code="a">Las claves de la rehabilitación y restauración arquitectónica. Volumen 1: El método sistémico aplicado a la intervención en edificios existentes</subfield>
   </datafield>
</record></metadata></record></GetRecord></OAI-PMH>